Проблема имиджа: Чем интересен для нас американский опыт?; Библиотечное дело; № 1

Detaylı Bibliyografya
Parent link:Библиотечное дело: ежемесячный журнал.— , 2003-
№ 1.— 2003.— С. 22-25
Yazar: Равинский Д. К. Дмитрий Константинович
Dil:Rusça
Baskı/Yayın Bilgisi: 2003
Seri Bilgileri:Есть такая профессия
Konular:
Materyal Türü: Kitap Bölümü
KOHA link:https://koha.lib.tpu.ru/cgi-bin/koha/opac-detail.pl?biblionumber=396634

MARC

LEADER 00000naa2a2200000 4500
001 396634
005 20231101064805.0
035 |a (RuTPU)RU\TPU\prd\34967 
035 |a RU\TPU\prd\34964 
090 |a 396634 
100 |a 20050415a2003 k y0rusy50 ca 
101 0 |a rus 
102 |a RU 
200 1 |a Проблема имиджа  |e Чем интересен для нас американский опыт?  |f Д. К. Равинский 
225 1 |a Есть такая профессия 
461 0 |0 (RuTPU)RU\TPU\prd\12643  |t Библиотечное дело  |o ежемесячный журнал  |d 2003- 
463 0 |0 (RuTPU)RU\TPU\prd\12644  |t № 1  |v С. 22-25  |d 2003 
610 1 |a библиотекари 
610 1 |a проблема имиджа профессии 
610 1 |a имидж 
610 1 |a профессия 
610 1 |a американский опыт 
700 1 |a Равинский  |b Д. К.  |g Дмитрий Константинович 
801 1 |a RU  |b 63413507  |c 20050415  |g PSBO 
801 2 |a RU  |b 63413507  |c 20060616  |g PSBO 
942 |c BK